Statistics for Flags of the 2022 FIFA World Cup

Click here to take the quiz!

General Stats

  • This quiz has been taken 60,432 times
    (60,199 since last reset)
  • The average score is 29 of 32

Answer Stats

Answer% Correct
Brazil
100%
Germany
99%
France
97%
South Korea
97%
United States
97%
England
96%
Japan
96%
Spain
96%
Poland
95%
Switzerland
95%
Belgium
94%
Canada
94%
Iran
94%
Saudi Arabia
94%
Argentina
93%
Australia
92%
Croatia
92%
Mexico
92%
Portugal
91%
Denmark
90%
Qatar
90%
Morocco
89%
Netherlands
89%
Uruguay
89%
Serbia
88%
Wales
88%
Ecuador
81%
Tunisia
81%
Ghana
78%
Costa Rica
75%
Senegal
75%
Cameroon
73%

Score Distribution

Percentile by Number Answered

Percent of People with Each Score

Your Score History

You have not taken this quiz since the last reset